MARC

LEADER 00000nam0a2200000 4500
001 150370
005 20240620092504.0
010 |a 5703000351 
020 |a RU  |b 89-3749 
035 |a (RuTPU)RU\TPU\book\163008 
090 |a 150370 
100 |a 20090111d1988 m y0rusy5003 ca 
101 0 |a rus 
102 |a RU 
105 |a a z 000ab 
200 1 |a За землю Русскую  |e роман   |f А. А. Субботин  |g авт. предисл. В. В. Каргалов ; худож. А. А. Беликов 
210 |a Москва  |c ДОСААФ СССР  |d 1988 
215 |a 717,[1] с.  |c ил.  |d 21 см 
225 1 |a Библиотека "Отчизны верные сыны" 
600 0 |a Александр Ярославич Невский  |c Великий князь Владимирский и Киевский из династии Рюриковичей  |c князь Новгородский  |f 1219-1263  |2 stltpush  |3 (RuTPU)RU\TPU\pers\5915  |9 1142 
610 1 |a Новгород Великий 
610 1 |a Ледовое побоище 
610 1 |a 13 век 
610 1 |a романы 
610 1 |a исторические романы 
610 1 |a Невская битва 
675 |a Р2  |z rus  |v 3 
700 1 |a Субботин  |b А. А.  |g Анатолий Александрович  |4 070 
702 1 |a Каргалов  |b В. В.  |4 080 
702 1 |a Беликов  |b А. А.  |4 440 
801 0 |a RU  |b RuMRKP  |c 19950417  |g psbo 
801 1 |a RU  |b 63413507  |c 20090111  |g PSBO 
801 2 |a RU  |b 63413507  |c 20140311  |g PSBO 
942 |c BK